Cyber Security with Cryptography Essentials/ (Record no. 212275)

MARC details
000 -LEADER
fixed length control field 00741nam a2200217 4500
005 - DATE AND TIME OF LATEST TRANSACTION
control field 20250709124614.0
010 ## - LCCN (DPL NO)
LC control number ENG-145803
020 ## - INTERNATIONAL STANDARD BOOK NUMBER
International Standard Book Number 9789355328250
Terms of availability 745.00
035 ## - SYSTEM CONTROL NUMBER
System control number EN-129335
037 ## - SOURCE OF ACQUISITION
Source of stock number/acquisition DBAD
082 ## - DEWEY DECIMAL CLASSIFICATION NUMBER
Classification number 005.8
Edition number 1
100 ## - MAIN ENTRY--PERSONAL NAME
Personal name Shandilya, Shishir Kumar
245 ## - TITLE STATEMENT
Title Cyber Security with Cryptography Essentials/
Statement of responsibility, etc Shishir Kumar Shandilya; Agni Datta [and] David Choi
250 ## - EDITION STATEMENT
Edition statement 1
260 ## - PUBLICATION, DISTRIBUTION, ETC. (IMPRINT)
Place of publication, distribution, etc Tamil Nadu
Name of publisher, distributor, etc Mcgraw Hill Education Pvt Ltd
Date of publication, distribution, etc 2025
270 ## - ADDRESS
Address Anjana Complex No: 5/90 A, Butt Road, St Thomas Mount
City Tamil Nadu
Postal code 600016
300 ## - PHYSICAL DESCRIPTION
Extent vpp.
Dimensions 24cm(pb)
Other physical details Index
700 ## - ADDED ENTRY--PERSONAL NAME
Personal name Datta, Agni
Relator term Author
9 (RLIN) 82835
700 ## - ADDED ENTRY--PERSONAL NAME
Personal name Choi, David
Relator term Author
9 (RLIN) 82836
942 ## - ADDED ENTRY ELEMENTS (KOHA)
Source of classification or shelving scheme Dewey Decimal Classification
Item type English Books
Classification part 005.8
Call number suffix SHA
Holdings
Withdrawn status Lost status Not for loan Collection code Home library Current library Date acquired Source of acquisition Cost, normal purchase price Full call number Barcode Copy number Cost, replacement price Koha item type
      Non-fiction Sarojini Nagar Sarojini Nagar 09/07/2025 Delivery of Books Act Division 745.00 005.8 SHA EN-129335 1 745.00 English Books

© Delhi Public Library
Hit Counter
free hit counter